Loading...

Aval akaleyanu /

Bibliografiske detaljer
Hovedforfatter: Joseph Kunnassery
Format: Printed Book
Sprog:Malayalam
Udgivet: Sreekrishna Vilasam Book Depot , 1977.
Fag:
LEADER 00511nam a2200157Ia 4500
008 150624b xxu||||| |||| 00| f mal d
082 |a 853.3J9 
100 |a Joseph Kunnassery 
245 |c Joseph Kunnassery  |a Aval akaleyanu / 
260 |b Sreekrishna Vilasam Book Depot ,  |c 1977. 
300 |a 240 p. 
546 |a In Malayalam. 
650 |v Novel 
942 |c BK 
999 |c 77352  |d 77352 
952 |0 1  |1 0  |4 0  |6 853_000000000000000_3J9_AVA_M  |7 0  |9 77296  |a UL  |b UL  |c ST1  |d 1998-09-15  |l 0  |o 853.3J9 AVA M  |p 47654  |r 2012-10-27  |w 2012-10-27  |y BK